• 首页
  • 本馆介绍
  • 公告通知
  • 最新文献
  • 馆藏检索
  • 电子资源
  • 读者导购
  • 参考咨询
  • 我的图书馆
  • 登录
  • 详细信息显示
  • 放入我的书架
  • 预约/预借图书
  • 作者相关作品
  • 分类相关作品
  • 丛书相关作品
  • 出版社相关作品

书目信息

  • 表格格式
  • 工作单格式
  • 卡片格式
题名:
清代文学
    
 
作者: 张宗祥 著
分册:  
出版信息: 北京   人民文学出版社  1996
页数: 326页
开本: 19cm
丛书名: 民国丛书
单 册:
中图分类: Z121.6 , I209.52 , I211
科图分类:
主题词: 文学史--中国--清代 , 文学--作品集--中国
电子资源:
ISBN:
000 00759nam2 2200289 45
001 1538510477
005 20150128125230.18
010    @b精装@dCNY2.80
100    @a19970305e1996 em y0chiy0121 ea
101 0  @achi
102    @aCN@b110000
105    @ay z 000yy
200 10 @a清代文学@Aqing dai wen xue@f张宗祥著
205    @a影印本
210    @a北京@c人民文学出版社@d1996
215    @a326页@d19cm
225 2  @a民国丛书@h第五编@i文学类@v49
300    @a据商务印书馆1930年版影印
410  0 @120010@a民国丛书
606    @a文学史@y中国@z清代
606 0  @a文学@x作品集@x中国
690    @aZ121.6@v3
690    @aI209.52@v3
690    @aI211@v4
701  0 @a张宗祥@Azhang zong xiang@4著
801  0 @aCN@bTSSF@c20150128
905    @aZUCC@dI211@eJY98
    
    清代文学/张宗祥著.-影印本.-北京:人民文学出版社,1996
    326页;19cm.-(民国丛书.第五编.文学类;49)
    据商务印书馆1930年版影印
    
    ISBN (精装):CNY2.80
    
●
相关链接 在E读中查询图书 在五车中查询图书 在当当中查询图书 在豆瓣中查询图书


正题名:清代文学     索取号:I211/JY98         预约/预借

序号 登录号 条形码 馆藏地/架位号 状态 备注
1 7853857   278538575   学院路分馆/ [索取号:I211/JY98] 在馆    
唐山师范学院图书馆 欢迎您!
大连网信软件有限公司© 版权所有